Cognitive behavior therapy : (Record no. 3082)

000 -LEADER
fixed length control field 01835cam a2200325 a 4500
001 - CONTROL NUMBER
control field 16628374
003 - CONTROL NUMBER IDENTIFIER
control field OSt
005 - DATE AND TIME OF LATEST TRANSACTION
control field 20180117085956.0
008 - FIXED-LENGTH DATA ELEMENTS--GENERAL INFORMATION
fixed length control field 110128s2011 nyua b 001 0 eng
010 ## - LIBRARY OF CONGRESS CONTROL NUMBER
LC control number 2011002830
020 ## - INTERNATIONAL STANDARD BOOK NUMBER
International Standard Book Number 9781609185046 (hardcover)
040 ## - CATALOGING SOURCE
Original cataloging agency DLC
Transcribing agency DLC
Modifying agency DLC
042 ## - AUTHENTICATION CODE
Authentication code pcc
050 00 - LIBRARY OF CONGRESS CALL NUMBER
Classification number RC489.C63
Item number B43 2011
082 00 - DEWEY DECIMAL CLASSIFICATION NUMBER
Classification number 616.89/1425
Edition number 22
100 1# - MAIN ENTRY--PERSONAL NAME
Personal name Beck, Judith S.
245 10 - TITLE STATEMENT
Title Cognitive behavior therapy :
Remainder of title basics and beyond /
Statement of responsibility, etc. Judith S. Beck ; forword by Aaron T. Beck.
250 ## - EDITION STATEMENT
Edition statement 2nd ed.
260 ## - PUBLICATION, DISTRIBUTION, ETC.
Place of publication, distribution, etc. New York :
Name of publisher, distributor, etc. Guilford Press,
Date of publication, distribution, etc. 2011.
300 ## - PHYSICAL DESCRIPTION
Extent xix, 391 p. :
Other physical details ill. ;
Dimensions 24 cm.
500 ## - GENERAL NOTE
General note Rev. ed. of: Cognitive therapy. c1995.
504 ## - BIBLIOGRAPHY, ETC. NOTE
Bibliography, etc. note Includes bibliographical references and index.
505 0# - FORMATTED CONTENTS NOTE
Formatted contents note Introduction to cognitive therapy -- Overview of treatment -- Cognitive conceptualization -- The evaluation session -- Structure of the first therapy session -- Behavioral activation -- Session two and beyond -- Problems with structuring the therapy session -- Identifying automatic thoughts -- Identifying emotions -- Evaluating automatic thoughts -- Responding to automatic thoughts -- Identifying and modifying intermediate beliefs -- Core beliefs -- Additional cognitive and behavioral techniques -- Imagery -- Homework -- Termination and relapse prevention -- Treatment planning -- Problems in therapy -- Progressing as a cognitive therapist.
650 #0 - SUBJECT ADDED ENTRY--TOPICAL TERM
Topical term or geographic name entry element Cognitive therapy.
700 1# - ADDED ENTRY--PERSONAL NAME
Personal name Beck, Judith S.
Title of a work Cognitive therapy.
906 ## - LOCAL DATA ELEMENT F, LDF (RLIN)
a 7
b cbc
c orignew
d 1
e ecip
f 20
g y-gencatlg
942 ## - ADDED ENTRY ELEMENTS (KOHA)
Source of classification or shelving scheme
Koha item type Book
Holdings
Withdrawn status Lost status Source of classification or shelving scheme Damaged status Not for loan Collection code Permanent Location Current Location Shelving location Date acquired Total Checkouts Full call number Barcode Checked out Date last seen Date last checked out Price effective from Koha item type
            Central Library (CL) Central Library (CL) General Stacks 05/11/2016 1 616.89/1425 BEC S3H-S-354 02/20/2019 10/23/2018 10/23/2018 05/11/2016 Book
© 2023 Central Library, National University of Sciences and Technology. All Rights Reserved.